000 00413nam a2200181Ia 4500
005 20240823063028.0
008 240823s9999||||xx |||||||||||||| ||und||
041 _aENGLISH
082 _A005.133 N5
100 _aRajeev Sethi
245 0 _aLISP Programming
250 _a1st
260 _c1995
_b"TMH,New Delhi"
500 _aYES
650 _aLisp
_bComputer Applications
942 _cBK
999 _c237278
_d237278